Guess the 1960s song lyrics #362 - Statistics

General Stats
  • This quiz has been taken 10 times
  • The average score is 135 of 254
Answer Stats
Answer % Correct
The
100%
the
100%
a
89%
And
89%
He
89%
he
89%
in
89%
of
89%
Oh
89%
on
89%
to
89%
When
89%
all
78%
do
78%
for
78%
out
78%
With
78%
with
78%
good
67%
him
67%
his
67%
it
67%
they
67%
this
67%
World
67%
world
67%
Baron
56%
Christmas
56%
First
56%
from
56%
had
56%
its
56%
knew
56%
men
56%
Merry
56%
Red
56%
Snoopy
56%
that
56%
then
56%
up
56%
was
56%
Was
56%
Why
56%
day
44%
fly
44%
know
44%
land
44%
man
44%
night
44%
peace
44%
shoot
44%
sights
44%
their
44%
War
44%
went
44%
were
44%
will
44%
again
33%
below
33%
bloody
33%
come
33%
dead
33%
friend
33%
made
33%
more
33%
once
33%
Or
33%
pull
33%
Royal Guardsmen
33%
search
33%
some
33%
those
33%
way
33%
wings
33%
before
22%
behind
22%
bells
22%
Bringing
22%
caught
22%
certain
22%
cried
22%
didn't
22%
end
22%
enemy
22%
flyin
22%
foe
22%
holiday
22%
ice
22%
lines
22%
news
22%
offered
22%
other
22%
Ring
22%
Ringing
22%
through
22%
tight
22%
toast
22%
trigger
22%
well
22%
we'll
22%
Allied
11%
Asking
11%
both
11%
called
11%
Command
11%
forced
11%
forty
11%
hero
11%
host
11%
ignored
11%
knowing
11%
meet
11%
mein
11%
never
11%
our
11%
reached
11%
Rhine
11%
roar
11%
saluted
11%
Tannenbaum
11%
they'd
11%
village
11%
Each
0%
fiercely
0%
fought
0%
spied
0%
No matching quizzes found
Score Distribution
Percent of People with Each Score
Percentile by Number Answered
Your Score History
You have not taken this quiz